NFL - Carolina Panthers Quiz - Statistics

General Stats
  • This quiz has been taken 1,278 times
  • The average score is 7 of 15
Answer Stats
Hint Answer % Correct
QB drafted in 2011 Cam Newton
92%
Besides North Carolina, what other state does the Panthers represent South Carolina
92%
Division NFC South
80%
City that they call home Charlotte
67%
Considered by most, the greatest Panther to date Steve Smith
61%
First league in the NFL (year) 1995
60%
All-Time Leading Rusher DeAngelo Williams
43%
Player that left for Chicago Julius Peppers
42%
Player who has successfully recovered from 3 ACL tears Thomas Davis
31%
2014 Record 7-8-1
21%
Team Headquarters Bank of America
15%
Only player inducted to the teams Hall of Honor Sam Mills
15%
Where the hold training camp Wofford College, SC
13%
Team Career Points Leader John Kasay
12%
First Head Coach Dom Capers
8%
No matching quizzes found
Score Distribution
Percent of People with Each Score
Percentile by Number Answered
Your Score History
You have not taken this quiz